|
|
|
|
| LEADER |
02931nam a22004575i 4500 |
| 001 |
978-3-319-13278-5 |
| 003 |
DE-He213 |
| 005 |
20151204151706.0 |
| 007 |
cr nn 008mamaa |
| 008 |
150722s2015 gw | s |||| 0|eng d |
| 020 |
|
|
|a 9783319132785
|9 978-3-319-13278-5
|
| 024 |
7 |
|
|a 10.1007/978-3-319-13278-5
|2 doi
|
| 040 |
|
|
|d GrThAP
|
| 050 |
|
4 |
|a RC261-271
|
| 072 |
|
7 |
|a MJCL
|2 bicssc
|
| 072 |
|
7 |
|a MED062000
|2 bisacsh
|
| 082 |
0 |
4 |
|a 614.5999
|2 23
|
| 100 |
1 |
|
|a Weber, Georg F.
|e author.
|
| 245 |
1 |
0 |
|a Molecular Therapies of Cancer
|h [electronic resource] /
|c by Georg F. Weber.
|
| 264 |
|
1 |
|a Cham :
|b Springer International Publishing :
|b Imprint: Springer,
|c 2015.
|
| 300 |
|
|
|a XV, 488 p. 120 illus., 86 illus. in color.
|b online resource.
|
| 336 |
|
|
|a text
|b txt
|2 rdacontent
|
| 337 |
|
|
|a computer
|b c
|2 rdamedia
|
| 338 |
|
|
|a online resource
|b cr
|2 rdacarrier
|
| 347 |
|
|
|a text file
|b PDF
|2 rda
|
| 505 |
0 |
|
|a DNA Damaging Drugs -- Drugs that Suppress Proliferation -- Molecular Inhibitors of Growth Signals -- Anti-Metastasis Therapy -- Induction of Senesence -- Combination Chemotherapy -- Gene Therapy -- Drugs with Diverse Modes of Action -- Hormone Therapy -- Immunotherapy -- Anti-Angiogenesis -- Drug Delivery and Drug Transport -- Drug Metabolism -- Prodrug Activation -- Drug Resistance -- Protection from Adverse Effects -- Pain Management -- Preventative Treatment.
|
| 520 |
|
|
|a Molecular Therapies of Cancer comprehensively covers the molecular mechanisms of anti-cancer drug actions in a comparably systematic fashion. While there is currently available a great deal of literature on anti-cancer drugs, books on the subject are often concoctions of invited review articles superficially connected to one another. There is a lack of comprehensive and systematic text on the topic of molecular therapies in cancer. A further deficit in the relevant literature is a progressive sub-specialization that typically limits textbooks on cancer drugs to cover either pharmacology or medicinal chemistry or signal transduction, rather than explaining molecular drug actions across all those areas; Molecular Therapies of Cancer fills this void. The book is divided into five sections: 1. Molecular Targeting of Cancer Cells; 2. Emerging and Alternative Treatment Modalities; 3. Molecular Targeting of Tumor-Host Interactions; 4. Anti-Cancer Drug Pharmacokinetics; and 5. Supportive Therapies.
|
| 650 |
|
0 |
|a Medicine.
|
| 650 |
|
0 |
|a Cancer research.
|
| 650 |
|
0 |
|a Laboratory medicine.
|
| 650 |
|
0 |
|a Oncology.
|
| 650 |
1 |
4 |
|a Biomedicine.
|
| 650 |
2 |
4 |
|a Cancer Research.
|
| 650 |
2 |
4 |
|a Laboratory Medicine.
|
| 650 |
2 |
4 |
|a Oncology.
|
| 710 |
2 |
|
|a SpringerLink (Online service)
|
| 773 |
0 |
|
|t Springer eBooks
|
| 776 |
0 |
8 |
|i Printed edition:
|z 9783319132778
|
| 856 |
4 |
0 |
|u http://dx.doi.org/10.1007/978-3-319-13278-5
|z Full Text via HEAL-Link
|
| 912 |
|
|
|a ZDB-2-SBL
|
| 950 |
|
|
|a Biomedical and Life Sciences (Springer-11642)
|